| 000 | 00503nam a2200193Ia 4500 | ||
|---|---|---|---|
| 003 | GCL | ||
| 008 | 140319s9999 xx 000 0 ara d | ||
| 040 |
_aGCL / _cGCL |
||
| 082 | 0 | 4 |
_a301.4143 _bم ف |
| 100 | 1 | _aموروا , اندرية | |
| 245 | 1 | 0 |
_aفن الحياة / _cموروا , اندرية |
| 700 | 1 | _aعبدالمجيد ابو النجا | |
| 300 | _a180 ص | ||
| 490 | _a | ||
| 650 | 0 | 4 | _aالحب |
| 650 | 0 | 4 | _aالاجتماع، علم |
| 650 | 0 | 4 | _aالتودد |
| 942 |
_2ddc _cBK |
||
| 999 |
_c40678 _d40678 |
||